Biblioteka Instytutu Północnego w Olsztynie

Widok standardowy Widok MARC

Pozycja Personal Name

Liczba rekordów, w których użyto hasła: 1

001 - Numer kontrolny

  • control field: 19572

003 - Identyfikator numeru kontrolnego

  • control field: NUKAT

005 - Data i czas ostatniej modyfikacji

  • control field: 20260313124053.0

008 - Dane kontrolne kodowane (40 znaków)

  • fixed length control field: 970609n||a|znnaabn |a aaa |c

010 ## - Numer kontrolny Biblioteki Kongresu

  • numer kontrolny LC: n 97024781

040 ## - Instytucja sporządzająca rekord

  • inst. przygot. dane do rek. khw: LUBL U/AW
  • język haseł przedmiotowych/tezaurus: kaba
  • inst. wprow. rek. khw: LUBL U/AW
  • inst. modyf. rek. khw: KR U/bs

100 1# - Hasło - nazwa osobowa

  • nazwa osobowa w formie ujednoliconej: Pilarek, Bolesław
  • daty biograficzne: (1944- ).

670 ## - Źródło informacji

  • źródło informacji: Kp. Poradnik młodej gospodyni / Łucja Suchocka, Bolesław Pilarek. - Olsztyn, [1989].

670 ## - Źródło informacji

  • źródło informacji: Tajemnice piwa / Bolesław Pilarek. - Toruń, 2000.
  • gdzie znaleziono informację: Biogram
Biblioteka Instytutu Północnego, ul. Partyzantów 87, 10-402 Olsztyn, email: biblioteka(at)ip.olsztyn.pl